000
00282nam a22001337a 4500
008
190225b xxu||||| |||| 00| 0 eng d
020
_a
0534419399
041
_a
eng
080
_a
510
100
_a
36
101
_a
MAT
245
_a
Beginning Algebra
_c
Clark, M
942
_2
udc
_c
BK
999
_c
54219
_d
54219